Organiz'd innocence : (Record no. 20513)
[ view plain ]
| 000 -LEADER | |
|---|---|
| fixed length control field | 00756nam a22002292a 4500 |
| 001 - CONTROL NUMBER | |
| control field | 20513 |
| 003 - CONTROL NUMBER IDENTIFIER | |
| rucl marc code | BD-RjUL |
| 005 - DATE AND TIME OF LATEST TRANSACTION | |
| control field | 20211209000556.0 |
| 008 - FIXED-LENGTH DATA ELEMENTS--GENERAL INFORMATION | |
| fixed length control field | 140301s1956 enk 000 0 eng u |
| 035 ## - SYSTEM CONTROL NUMBER | |
| System control number | (BD-RjUL)20575 |
| 040 ## - CATALOGING SOURCE | |
| Original cataloging agency | WSU |
| Modifying agency | OCL |
| -- | UKM |
| -- | BD-RjUL |
| Language of cataloging | eng |
| Transcribing agency | BD-RjUL |
| 041 ## - LANGUAGE CODE | |
| Language code of text/sound track or separate title | eng |
| 082 ## - DEWEY DECIMAL CLASSIFICATION NUMBER | |
| Classification number | 821.7 |
| Edition number | 18 |
| Author mark and year | RUO 1956 |
| 100 1# - MAIN ENTRY--PERSONAL NAME | |
| Personal name | Rudd, Margaret. |
| 9 (RLIN) | 63262 |
| 245 10 - TITLE STATEMENT | |
| Title | Organiz'd innocence : |
| Remainder of title | the story of Blake's prophetic books / |
| Statement of responsibility, etc. | Margaret Rudd |
| 260 ## - PUBLICATION, DISTRIBUTION, ETC. (IMPRINT) | |
| Place of publication, distribution, etc. | London : |
| Name of publisher, distributor, etc. | Routledge & Kegan Paul, |
| Date of publication, distribution, etc. | 1956. |
| 300 ## - PHYSICAL DESCRIPTION | |
| Pagination | xv, 266 p. : |
| Illustrations | ill ; |
| Size | 23 cm. |
| 504 ## - BIBLIOGRAPHY, ETC. NOTE | |
| Bibliography, etc | Includes bibliography and index. |
| 600 10 - SUBJECT ADDED ENTRY--PERSONAL NAME | |
| Personal name | Blake, William, |
| Dates associated with a name | 1757-1827 |
| General subdivision | Criticism and interpretation. |
| Personal name | Blake, William, |
| Dates associated with a name | 1757-1827. |
| 942 ## - ADDED ENTRY ELEMENTS (KOHA) | |
| Source of classification or shelving scheme | Dewey Decimal Classification |
| Koha item type | Books |
| Lost status | Source of classification or shelving scheme | Damaged status | Not for loan | Collection code | Permanent Location | Current Location | Shelving location | Date acquired | Source of acquisition | Cost, normal purchase price | Total Checkouts | Full call number | Date last seen | Copy number | Koha item type |
|---|---|---|---|---|---|---|---|---|---|---|---|---|---|---|---|
| Dewey Decimal Classification | Not For Loan | Fiction | Central Library, University of Rajshahi | Central Library, University of Rajshahi | Reading Room | 23/01/1958 | Black well | 1.10 | 821.7 RUO 1956 | 28/04/2014 | C-1 | Books |